| 000 | 00727nam a2200229Ia 4500 | ||
|---|---|---|---|
| 003 | OSt | ||
| 005 | 20220927102938.0 | ||
| 006 | a|||||r|||| 00| 0 | ||
| 007 | ta | ||
| 008 | 220926b |||||||| |||| 00| 0 eng d | ||
| 024 | _a25112 | ||
| 037 | _cReference Collections | ||
| 040 |
_aRTL _cRTL _beng |
||
| 041 |
_2eng _aeng |
||
| 082 | _a"B2893, K2" | ||
| 100 |
_aMorse Philip M _9351665 |
||
| 245 | 0 |
_a"Queues, inventories and maintenace" _b The analysis o |
|
| 490 | _a"Operations Research Society of America, Publications in Operations Research, ed by George Shortley etc,1" | ||
| 650 |
_aOperational Research _9351666 |
||
| 942 |
_h"B2893, K2" _cCC |
||
| 999 |
_c679564 _d679564 |
||